All emails i can't send: fwd Songs - Sabrina Carpenter - Statistics

General Stats
  • This quiz has been taken 68 times
  • The average score is 15 of 17
Answer Stats
# Song % Correct
1 emails i can't send
100%
15 Feather
98%
9 Nonsense
98%
4 Tornado Warnings
90%
2 Vicious
90%
5 because i liked a boy
88%
13 decode
88%
14 opposite
88%
10 Fast Times
84%
3 Read your Mind
84%
11 skinny dipping
84%
8 bet u wanna
82%
7 how many things
82%
17 things i wish you said
82%
6 Already Over
80%
16 Lonesome
80%
12 Bad for Business
78%
No matching quizzes found
Score Distribution
Percent of People with Each Score
Percentile by Number Answered
Your Score History
You have not taken this quiz